000
00195 a2200097 4500
001
4152
100
_a
Smith,M.L
245
_a
Fuels combustion
260
_a
_b
Mcgrawhill
_c
090
_c
3369
_d
3369
942
_a
NUST-CAE
_c
M
_c
26324
999
_c
239225
_d
239225